000 00336nam a22001457a 4500
008 210309b ||||| |||| 00| 0 eng d
020 _a2900534607004
041 _aeng
080 _25th
_a316
082 _2316
100 _a50
101 _aSOC
245 _aSocial and Personality Development
_cDavid R. Shaffer
942 _2udc
_cBK
999 _c56105
_d56105